Urban Sores: on the interaction between segragation, urban decay and deprived neighbourhoods (Record no. 3334)

MARC details
000 -LEADER
fixed length control field 00680nam a2200217Ia 4500
020 ## - INTERNATIONAL STANDARD BOOK NUMBER
ISBN 6.90651000500695E+018
082 ## - DEWEY DECIMAL CLASSIFICATION NUMBER
Classification number 307.76 AND-;
100 ## - MAIN ENTRY--AUTHOR NAME
Personal name Andersen, Hans Skifter
245 #0 - TITLE STATEMENT
Title Urban Sores: on the interaction between segragation, urban decay and deprived neighbourhoods
260 ## - PUBLICATION, DISTRIBUTION, ETC. (IMPRINT)
Place of publication Aldershot
Name of publisher Ashgate Publishing
Year of publication 2003
300 ## - PHYSICAL DESCRIPTION
Number of Pages ix, 202p.
440 ## - SERIES STATEMENT/ADDED ENTRY--TITLE
Title Urban and regional planning and development
504 ## - BIBLIOGRAPHY, ETC. NOTE
Bibliography, etc Includes bibliography and index
650 ## - SUBJECT ADDED ENTRY--TOPICAL TERM
Topical Term Cities and towns
650 ## - SUBJECT ADDED ENTRY--TOPICAL TERM
Topical Term Neighborhood
650 ## - SUBJECT ADDED ENTRY--TOPICAL TERM
Topical Term Segragation in housing
650 ## - SUBJECT ADDED ENTRY--TOPICAL TERM
Topical Term Slums - Dwellings
650 ## - SUBJECT ADDED ENTRY--TOPICAL TERM
Topical Term Discrimination in housing
650 ## - SUBJECT ADDED ENTRY--TOPICAL TERM
Topical Term Urban renewal
942 ## - ADDED ENTRY ELEMENTS (KOHA)
Koha item type Books
Holdings
Withdrawn status Lost status Damaged status Not for loan Home library Current library Date acquired Bill Date Full call number Accession Number Price effective from Koha item type
        NASSDOC Library NASSDOC Library 09/09/2004 2004-10-05 307.76 AND-; 39340 18/04/2019 Books